LDR 01287nam a2200289 4500 001 000000353625 003 CaOOAMICUS 005 20230503161436.0 008 230503s2022 it 000 u ita r 020 $a978-88-575-8901-5 040 $aSeMil$bita 100 1 $aBodei, Remo,$d<1938-2019>.$0(OLS)http://semarc/name/6454 245 10$aLeopardi e la filosofia /$cRemo Bodei ; a cura di Gabriella Giglioni e Gaspare Polizzi. 264 1$aMilano ;$aUdine :$bMimesis,$c2022. 300 $a145 p. ;$c21 cm 490 1 $aMimesis. Leopardiana ;$v6 500 $aScritti in parte giĆ pubblicati 650 4$aLeopardi, Giacomo <1798-1837> - Pensiero filosofico.$0(OLS)http://semarc/subject/14303 700 1 $aBodei Giglioni, Gabriella.$0(OLS)http://semarc/name/117517 700 1 $aPolizzi, Gaspare.$0(OLS)http://semarc/name/117518 830 0$aMimesis. Leopardiana ;$v6.$0(OLS)http://semarc/title/443721 850 $aSeMil 852 $aSeMil$W1$xVenegono$y1$m2P III 917$j239891$B244852$CSeMilBibl$Z2$F244852 $81 996 $6020$a978-88-575-8901-5$9(OLS)http://semarc/number/298059 996 $6245$aLeopardi e la filosofia$9(OLS)http://semarc/title/443719 996 $6264$aMilano ;$aUdine :$bMimesis$9(OLS)http://semarc/publisher/39598